000 01232nam a2200325Ia 4500
001 ebr10661640
003 CaPaEBR
006 m u
007 cr cn|||||||||
008 100427s2010 nyua sb 001 0 eng d
010 _z 2010014116
020 _z9781606922293 (hardcover)
020 _z9781611223422
040 _aCaPaEBR
_cCaPaEBR
035 _a(OCoLC)680017847
050 1 4 _aTD885.5.C3
_bC3725 2010eb
082 0 4 _a363.738/7
_222
245 0 0 _aCarbon dioxide emissions
_h[electronic resource] /
_cJames P. Mulligan, editor.
260 _aNew York :
_bNova Science Publishers,
_cc2010.
300 _ax, 160 p. :
_bill. (some col.)
504 _aIncludes bibliographical references and index.
533 _aElectronic reproduction.
_bPalo Alto, Calif. :
_cebrary,
_d2013.
_nAvailable via World Wide Web.
_nAccess may be limited to ebrary affiliated libraries.
650 0 _aCarbon dioxide mitigation.
650 0 _aCarbon offsetting.
650 0 _aEmissions trading.
655 7 _aElectronic books.
_2local
700 1 _aMulligan, James P.
710 2 _aebrary, Inc.
856 4 0 _uhttp://site.ebrary.com/lib/rucke/Doc?id=10661640
_zAn electronic book accessible through the World Wide Web; click to view
999 _c65872
_d65872